European construction market trends to 2010 ; and, Social housing and rehabilitation of suburban areas (Record no. 108807)

MARC details
000 -LEADER
fixed length control field 01621cam a22002415a 4500
001 - CONTROL NUMBER
control field L145486
008 - FIXED-LENGTH DATA ELEMENTS--GENERAL INFORMATION
fixed length control field 081014s2008 xxkdo f s 000 0 eng d
035 ## - SYSTEM CONTROL NUMBER
System control number (Sirsi) u145486
041 0# - LANGUAGE CODE
Language code of text/sound track or separate title eng
050 04 - LIBRARY OF CONGRESS CALL NUMBER
Classification number 338.4369094 $2 18
111 2# - MAIN ENTRY--MEETING NAME
Meeting name or jurisdiction name as entry element Euroconstruct Conference
Number of part/section/meeting (65th:
Location of meeting Rome
Date of meeting or treaty signing 13 June 2008)
245 00 - TITLE STATEMENT
Title European construction market trends to 2010 ; and, Social housing and rehabilitation of suburban areas
Remainder of title programmes to 2015 - summary report, 65th Euroconstruct Conference, Rome, 13 June 2008
260 ## - PUBLICATION, DISTRIBUTION, ETC.
Place of publication, distribution, etc. Rome
Name of publisher, distributor, etc. CRESME Ricerche Spa
Date of publication, distribution, etc. 2008
300 ## - PHYSICAL DESCRIPTION
Extent 243 p.
Other physical details ill.
Dimensions 30cm.
505 2# - FORMATTED CONTENTS NOTE
Formatted contents note Summary Report: The Euroconstruct network -- Prospects for the European construction markets 2010 -- Social housing and surburban regeneration
520 ## - SUMMARY, ETC.
Summary, etc. See L145658
520 ## - SUMMARY, ETC.
Summary, etc. Papers of the Euroconstruct Conference 2008 cover the outlook for the construction sector in Europe, including Eastern Europe. Considers the housing, non-residential and civil engineering markets. Includes a macroeconomic outlook and a review of the European housing market. Reports on the European non-residential building market and the European civil engineering market. Presents for the social housing in Europe and solutions to current problems. Develops the French national programme for urban renovation until 2015 and the housing policy in Catalonia. Reviews the regeneration of post war neighbourhoods in Amsterdam and the role of housing associations. Statistics.
521 ## - TARGET AUDIENCE NOTE
Target audience note Advanced
650 24 - SUBJECT ADDED ENTRY--TOPICAL TERM
Topical term or geographic name entry element EUROCONSTRUCT CONFERENCE
651 #4 - SUBJECT ADDED ENTRY--GEOGRAPHIC NAME
Geographic name Europe
690 ## - LOCAL SUBJECT ADDED ENTRY--TOPICAL TERM (OCLC, RLIN)
Topical term or geographic name as entry element BUILT ENVIRONMENT-CONSTRUCTION MARKET
942 ## - ADDED ENTRY ELEMENTS (KOHA)
Suppress in OPAC 0
Holdings
Withdrawn status Lost status Source of classification or shelving scheme Damaged status Not for loan Home library Current library Shelving location Date acquired Total Checkouts Full call number Barcode Date last seen Copy number Price effective from Koha item type
    Dewey Decimal Classification     London London Folio 14/10/2008   F338.4369094 EUR 30076254 06/08/2019 1 06/08/2019 Reference material